Las teorías sociológicas desde la segunda guerra mundial : análisis multidimensional /
Guardado en:
| Autor Principal: | |
|---|---|
| Formato: | Libro |
| Publicado: |
Barcelona :
Gedisa,
1992
|
| Materias: | |
| Etiquetas: |
Agregar Etiqueta
Sin Etiquetas, Sea el primero en etiquetar este registro!
|
| LEADER | 00573nam a22001815a 4500 | ||
|---|---|---|---|
| 001 | CEM.cems014017 | ||
| 008 | 130507s1992##################000#0#####d | ||
| 005 | 20210705173513.0 | ||
| 003 | CEMS | ||
| 245 | 1 | 0 | |a Las teorías sociológicas desde la segunda guerra mundial : |b análisis multidimensional / |c Jeffrey C. Alexander |
| 260 | |a Barcelona : |b Gedisa, |c 1992 | ||
| 300 | |a 242 p. | ||
| 590 | |a 1129.013 | ||
| 100 | 1 | |a Alexander, Jeffrey C. | |
| 653 | |a Sociología | ||
| 653 | |a Teorías sociológicas | ||
| 653 | |a Biblioteca TC | ||
| 859 | |a CEMS |b BIB. CEMS - 11 de abril |h TC |p 1129.013 |t Ej.1 | ||
